Most Spoken Languages in California - Statistics

General Stats
  • This quiz has been taken 138 times
  • The average score is 7 of 10
Answer Stats
# Language % Correct
20,400,000 English
100%
10,400,400 Spanish
98%
1,140,000 Chinese
88%
370,000 Korean
82%
172,000 Hindi
75%
174,000 Arabic
74%
542,000 Vietnamese
73%
793,000 Tagalog
71%
197,000 Persian
50%
192,000 Armenian
33%
No matching quizzes found
Score Distribution
Percent of People with Each Score
Percentile by Number Answered
Your Score History
You have not taken this quiz